[Event "Lindores Abbey Tal Blitz 2021"]
[Site "Riga"]
[Date "2021.11.08"]
[Round "7.16"]
[White "Matlakov, Maxim"]
[Black "Bartel, Mateusz"]
[Result "0-1"]
[WhiteElo "2691"]
[BlackElo "2619"]
[Annotator "ChessBase"]
[PlyCount "48"]
[EventDate "2021.11.02"]
[EventType "swiss"]
[EventCountry "LAT"]
[SourceTitle "playchess.com"]
[Source "ChessBase"]
[SourceQuality "1"]

1. e4 e5 2. Nf3 Nc6 3. Nc3 Nf6 4. d4 exd4 5. Nxd4 Bb4 6. Nxc6 bxc6 7. Bd3 O-O
8. O-O d5 9. Bd2 Rb8 10. Re1 Be6 11. a3 Be7 12. b4 c5 13. bxc5 Bxc5 14. exd5
Bxd5 15. Bg5 Ba8 16. Qd2 Rb6 17. Rad1 Qc8 18. h3 h6 19. Bh4 Rd6 20. Nb5 Rb6 21.
Qc3 Qb7 22. Bf1 Ne4 23. Qc4 Rg6 24. Nd4 Nd6 0-1

[Event "Lindores Abbey Tal Blitz 2021"]
[Site "Riga"]
[Date "2021.11.08"]
[Round "7.17"]
[White "Grandelius, Nils"]
[Black "Padmini, Rout"]
[Result "1-0"]
[WhiteElo "2669"]
[BlackElo "2353"]
[Annotator "ChessBase"]
[PlyCount "78"]
[EventDate "2021.11.02"]
[EventType "swiss"]
[EventCountry "LAT"]
[SourceTitle "playchess.com"]
[Source "ChessBase"]
[SourceQuality "1"]

1. Nf3 c5 2. e3 g6 3. d4 Bg7 4. d5 Nf6 5. Nc3 O-O 6. Be2 d6 7. O-O Bg4 8. h3
Bxf3 9. Bxf3 Na6 10. e4 Nd7 11. Be2 Nc7 12. Be3 b5 13. Nxb5 Nxb5 14. Bxb5 Bxb2
15. Rb1 Bg7 16. Qd3 Rb8 17. Qa3 Qc7 18. Bd2 Ne5 19. Qa5 Qb7 20. Qa6 Qa8 21. f4
Rb6 22. Qa4 Qb8 23. fxe5 a6 24. c4 axb5 25. cxb5 Bxe5 26. Qc4 Bd4+ 27. Kh1 f5
28. exf5 Rxf5 29. Rxf5 gxf5 30. a4 Qa8 31. a5 Rb8 32. b6 e6 33. dxe6 d5 34. Qd3
Qc6 35. Qxf5 Rf8 36. Qg4+ Kh8 37. b7 Qc7 38. a6 Be5 39. Qe2 Bg3 1-0

[Event "Lindores Abbey Tal Blitz 2021"]
[Site "Riga"]
[Date "2021.11.08"]
[Round "7.18"]
[White "Vachier-Lagrave, Maxime"]
[Black "Kryvoruchko, Yuriy"]
[Result "1-0"]
[WhiteElo "2766"]
[BlackElo "2681"]
[Annotator "TA"]
[PlyCount "113"]
[EventDate "2021.11.02"]
[EventType "swiss"]
[EventCountry "LAT"]
[SourceTitle "playchess.com"]
[Source "ChessBase"]
[SourceQuality "1"]

1. Nf3 Nf6 2. g3 d5 3. Bg2 c5 4. O-O Nc6 5. d4 e6 6. c4 dxc4 7. dxc5 Qxd1 8.
Rxd1 Bxc5 9. Nbd2 c3 10. bxc3 O-O 11. Nb3 Be7 12. c4 Bd7 13. Bf4 Rfc8 14. Rab1
Be8 15. Nfd4 b6 16. Nb5 Nh5 17. Bd6 Kf8 18. c5 bxc5 19. Nxc5 Nf6 20. Bxe7+ Kxe7
21. Nd6 Rd8 22. Nxe8 Rxd1+ 23. Rxd1 Rxe8 24. Nxe6 fxe6 25. Bxc6 Rc8 26. Ba4 Nd5
27. Bb3 Nc3 28. Rd2 a5 29. Kg2 a4 30. Bc2 h6 31. Bd3 Nd5 32. Rb2 Rc3 33. Rb7+
Kf6 34. Ra7 Nb4 35. Rxa4 Nxd3 36. exd3 Rxd3 37. Rf4+ Ke5 38. Rf3 Rd2 39. a3 Ra2
40. g4 Kd6 41. h4 e5 42. Kg3 Ke6 43. h5 Ke7 44. Rb3 Kf6 45. Kf3 Kg5 46. Kg3 Ra1
47. f3 Rg1+ 48. Kf2 Ra1 49. Ke3 Re1+ 50. Kd2 Ra1 51. Kd3 Kf4 52. Kc4 e4 53.
fxe4 Kxe4 54. Kb5 Rd1 55. Rb4+ Kf3 56. a4 Rd6 57. a5 1-0

[Event "Lindores Abbey Tal Blitz 2021"]
[Site "Riga"]
[Date "2021.11.08"]
[Round "7.19"]
[White "Navara, David"]
[Black "Vokhidov, Shamsiddin"]
[Result "1-0"]
[WhiteElo "2699"]
[BlackElo "2521"]
[Annotator "TA"]
[PlyCount "68"]
[EventDate "2021.11.02"]
[EventType "swiss"]
[EventCountry "LAT"]
[SourceTitle "playchess.com"]
[Source "ChessBase"]
[SourceQuality "1"]

1. d4 Nf6 2. c4 e6 3. Nc3 Bb4 4. e3 O-O 5. Bd3 d5 6. cxd5 exd5 7. Nge2 Re8 8.
O-O Bd6 9. Bd2 b6 10. Rc1 a6 11. Nf4 Bb7 12. Qf3 Ne4 13. Rfd1 Qg5 14. g3 Nd7
15. Ncxd5 Nxd2 16. Ne7+ Qxe7 17. Qxb7 Ne4 18. Nd5 Qe6 19. Nxc7 Bxc7 20. Rxc7
Nd6 21. Qc6 Nf6 22. Bc2 Rac8 23. Bb3 Rxc7 24. Qxc7 Qd7 25. Qxb6 Nde4 26. Qxa6
Qf5 27. Qe2 Ng5 28. h4 Nge4 29. Kg2 Qa5 30. d5 Nc5 31. Bc4 Ncd7 32. d6 Qc5 33.
Bb3 Ne4 34. Qf3 Nef6 1-0

[Event "Lindores Abbey Tal Blitz 2021"]
[Site "Riga"]
[Date "2021.11.08"]
[Round "7.20"]
[White "Jobava, Baadur"]
[Black "Volokitin, Andrei"]
[Result "1-0"]
[WhiteElo "2582"]
[BlackElo "2656"]
[Annotator "ChessBase"]
[PlyCount "126"]
[EventDate "2021.11.02"]
[EventType "swiss"]
[EventCountry "LAT"]
[SourceTitle "playchess.com"]
[Source "ChessBase"]
[SourceQuality "1"]

1. e4 c5 2. Nf3 e6 3. c4 Nc6 4. Nc3 Nd4 5. d3 Ne7 6. Nxd4 cxd4 7. Ne2 Nc6 8. a3
d5 9. Ng3 dxc4 10. dxc4 h5 11. Bd3 h4 12. Ne2 h3 13. g3 a5 14. O-O e5 15. f4
Bg4 16. Bd2 a4 17. b4 axb3 18. Qxb3 Bc5 19. Qxb7 Qc8 20. Qb5 Ba7 21. Rf2 Rb8
22. Qa4 Rb2 23. Bb4 Bxe2 24. c5 Bxd3 25. Rxb2 O-O 26. Re1 f5 27. Qb3+ Kh8 28.
Qxd3 fxe4 29. Rxe4 Qf5 30. Rf2 Rb8 31. Re3 Qg4 32. Re1 Nxb4 33. axb4 Rxb4 34.
fxe5 Bxc5 35. e6 Be7 36. Qf5 Qxf5 37. Rxf5 d3 38. Rd5 Rb2 39. Rxd3 Kh7 40. Kh1
Bb4 41. Rf1 Re2 42. g4 Rxe6 43. Rxh3+ Kg6 44. Rh5 Re2 45. Rhf5 Bc3 46. R5f2 Re4
47. h3 Ra4 48. Kg2 Bd4 49. Re2 Ra3 50. Re6+ Kh7 51. Re2 Bc5 52. Rf3 Ra1 53. Rf5
Bd6 54. Rh5+ Kg8 55. Rd5 Bf4 56. Rf5 Bd6 57. h4 Ra4 58. Kf3 Ra3+ 59. Re3 Ra1
60. g5 Kh7 61. Re6 Rf1+ 62. Kg4 Rg1+ 63. Kh5 Bb4 1-0

[Event "Lindores Abbey Tal Blitz 2021"]
[Site "Riga"]
[Date "2021.11.08"]
[Round "7.21"]
[White "Chigaev, Maksim"]
[Black "Ponomariov, Ruslan"]
[Result "0-1"]
[WhiteElo "2626"]
[BlackElo "2633"]
[Annotator "ChessBase"]
[PlyCount "90"]
[EventDate "2021.11.02"]
[EventType "swiss"]
[EventCountry "LAT"]
[SourceTitle "playchess.com"]
[Source "ChessBase"]
[SourceQuality "1"]

1. e4 e5 2. Nf3 Nc6 3. Bc4 Nf6 4. d3 Bc5 5. a4 d6 6. a5 a6 7. c3 h6 8. O-O Ba7
9. Be3 O-O 10. Nbd2 Qe7 11. Qb3 Bxe3 12. fxe3 g6 13. Qa2 Kg7 14. b4 Nd8 15. h3
Be6 16. Rf2 Bxc4 17. Nxc4 Ne6 18. Raf1 Nd7 19. Ncd2 c6 20. d4 Ng5 21. Nxg5 hxg5
22. c4 c5 23. bxc5 dxc5 24. d5 Rab8 25. Nb1 b5 26. cxb5 axb5 27. d6 Qe8 28. Qd5
f6 29. Nc3 b4 30. Na4 Rb5 31. a6 Ra5 32. Nb2 Rxa6 33. Nc4 Qf7 34. Qb7 Qxc4 35.
Qxd7+ Rf7 36. Qd8 Qe6 37. d7 Qxd7 38. Qb8 Qc7 39. Qb5 Ra3 40. g4 Rxe3 41. h4
Rg3+ 42. Kh2 Rxg4 43. hxg5 Rxg5 44. Rd2 Qc8 45. Rfd1 Qh8# 0-1

[Event "Lindores Abbey Tal Blitz 2021"]
[Site "Riga"]
[Date "2021.11.08"]
[Round "7.22"]
[White "Sarana, Alexey"]
[Black "Sargissian, Gabriel"]
[Result "1/2-1/2"]
[WhiteElo "2656"]
[BlackElo "2664"]
[Annotator "ChessBase"]
[PlyCount "86"]
[EventDate "2021.11.02"]
[EventType "swiss"]
[EventCountry "LAT"]
[SourceTitle "playchess.com"]
[Source "ChessBase"]
[SourceQuality "1"]

1. d4 Nf6 2. c4 e6 3. Nf3 d5 4. Nc3 h6 5. Bf4 Bb4 6. e3 c5 7. dxc5 Qa5 8. Nd2
Bxc3 9. bxc3 Nbd7 10. Be2 Nxc5 11. O-O O-O 12. Nb3 Nxb3 13. Qxb3 b6 14. Bd6 Re8
15. cxd5 Qxd5 16. Bf3 Ne4 17. Rfd1 Qf5 18. Ba3 Bb7 19. Rd7 Nc5 20. Bxc5 Bxf3
21. gxf3 bxc5 22. Qb7 Rab8 23. Qe4 Qxe4 24. fxe4 Red8 25. Rad1 Rxd7 26. Rxd7
Rb1+ 27. Kg2 Rc1 28. Rxa7 Rxc3 29. Kf3 Rc2 30. e5 c4 31. e4 Rd2 32. Ke3 c3 33.
a4 g5 34. h3 Kg7 35. a5 h5 36. a6 Ra2 37. f3 h4 38. Ra8 c2 39. Kd2 Kh7 40. a7
Kg7 41. Kc1 Kh7 42. Kd2 Kg7 43. Kc1 Kh7 1/2-1/2

[Event "Lindores Abbey Tal Blitz 2021"]
[Site "Riga"]
[Date "2021.11.08"]
[Round "7.23"]
[White "Henriquez Villagra, Cristobal"]
[Black "Adly, Ahmed"]
[Result "0-1"]
[WhiteElo "2608"]
[BlackElo "2602"]
[Annotator "ChessBase"]
[PlyCount "94"]
[EventDate "2021.11.02"]
[EventType "swiss"]
[EventCountry "LAT"]
[SourceTitle "playchess.com"]
[Source "ChessBase"]
[SourceQuality "1"]

1. e4 c6 2. Nf3 d5 3. d3 dxe4 4. dxe4 Qxd1+ 5. Kxd1 Bg4 6. Ke2 Nf6 7. Nc3 e6 8.
h3 Bh5 9. a3 Nbd7 10. g4 Bg6 11. Nd2 e5 12. f3 Be7 13. h4 h6 14. Nb3 Nc5 15.
Nxc5 Bxc5 16. Na4 Be7 17. Be3 Nd7 18. h5 Bh7 19. Rd1 b5 20. Nc3 f6 21. Kf2 Bg8
22. Rd2 Bc5 23. Be2 Bxe3+ 24. Kxe3 Ke7 25. Rhd1 Nb6 26. f4 Be6 27. f5 Bf7 28.
b3 Rhd8 29. Na2 a5 30. Nc1 a4 31. Rxd8 Rxd8 32. Rxd8 Kxd8 33. Kd3 axb3 34. cxb3
Nd7 35. Kc3 Nc5 36. Bf3 Kc7 37. Kb2 Kb6 38. Kc3 Nb7 39. Bd1 Nd6 40. Bc2 c5 41.
Ne2 b4+ 42. axb4 Nb5+ 43. Kb2 cxb4 44. Bd3 Nd6 45. Nc1 Be8 46. Na2 Kc5 47. Kc2
Bc6 0-1

[Event "Lindores Abbey Tal Blitz 2021"]
[Site "Riga"]
[Date "2021.11.08"]
[Round "7.24"]
[White "Saric, Ivan"]
[Black "Bluebaum, Matthias"]
[Result "0-1"]
[WhiteElo "2665"]
[BlackElo "2647"]
[Annotator "ChessBase"]
[PlyCount "128"]
[EventDate "2021.11.02"]
[EventType "swiss"]
[EventCountry "LAT"]
[SourceTitle "playchess.com"]
[Source "ChessBase"]
[SourceQuality "1"]

1. Nf3 d5 2. g3 Bg4 3. Bg2 e6 4. O-O Nf6 5. d3 Be7 6. Nbd2 c5 7. h3 Bh5 8. e4
Nc6 9. c3 O-O 10. Qe2 Qc7 11. g4 Bg6 12. Nh4 Bd6 13. Nb3 dxe4 14. dxe4 e5 15.
Nf5 Rfe8 16. Bg5 Nd7 17. Nxd6 Qxd6 18. Rad1 Qc7 19. h4 f6 20. Be3 b6 21. h5 Bf7
22. h6 g5 23. Qf3 Re6 24. Rd2 Nf8 25. Rfd1 Rd8 26. Bf1 Rxd2 27. Rxd2 Rd6 28.
Rxd6 Qxd6 29. Nd2 Ng6 30. Nc4 Qe7 31. Qd1 Nf4 32. f3 Be6 33. a4 Qd7 34. Qxd7
Bxd7 35. a5 bxa5 36. Bxc5 Kf7 37. Nd6+ Kg6 38. Nf5 Ne6 39. Bd6 Ned8 40. Kf2 Nf7
41. Bc5 Nxh6 42. Nxh6 Kxh6 43. b4 axb4 44. cxb4 Kg6 45. Ke3 Kf7 46. Bc4+ Be6
47. Bd5 Bxd5 48. exd5 Ne7 49. Ke4 Nc8 50. b5 Nb6 51. Bxb6 axb6 52. Kf5 Ke7 53.
d6+ Kxd6 54. Kxf6 Kc5 55. Kxg5 Kxb5 56. Kh6 Kc5 57. Kxh7 b5 58. g5 b4 59. g6 b3
60. g7 b2 61. g8=Q b1=Q+ 62. Qg6 Qb7+ 63. Kh6 Qxf3 64. Qe6 Qc6 0-1

[Event "Lindores Abbey Tal Blitz 2021"]
[Site "Riga"]
[Date "2021.11.08"]
[Round "7.25"]
[White "Zvjaginsev, Vadim"]
[Black "Sasikiran, Krishnan"]
[Result "1-0"]
[WhiteElo "2609"]
[BlackElo "2640"]
[Annotator "ChessBase"]
[PlyCount "73"]
[EventDate "2021.11.02"]
[EventType "swiss"]
[EventCountry "LAT"]
[SourceTitle "playchess.com"]
[Source "ChessBase"]
[SourceQuality "1"]

1. c4 e5 2. Nc3 Nf6 3. Nf3 Nc6 4. a3 g6 5. g3 Bg7 6. Bg2 O-O 7. O-O a5 8. Rb1
d6 9. d3 h6 10. b4 axb4 11. axb4 Nh5 12. b5 Ne7 13. e4 f5 14. exf5 gxf5 15. Nh4
Qe8 16. Nd5 Nxd5 17. Bxd5+ Kh7 18. f4 Nf6 19. Bg2 exf4 20. Bxf4 Ng4 21. d4 Ra2
22. Nf3 Ne3 23. Bxe3 Qxe3+ 24. Kh1 f4 25. Rb3 Qe2 26. Qxe2 Rxe2 27. Ng1 Rd2 28.
gxf4 Rxd4 29. Ne2 Rxc4 30. Re3 Bg4 31. Bxb7 Bxe2 32. Rxe2 Rcxf4 33. Rxf4 Rxf4
34. Re7 Rc4 35. Be4+ Kg8 36. Bd5+ Kf8 37. Rf7+ 1-0

[Event "Lindores Abbey Tal Blitz 2021"]
[Site "Riga"]
[Date "2021.11.08"]
[Round "7.26"]
[White "Ter-Sahakyan, Samvel"]
[Black "Sjugirov, Sanan"]
[Result "1-0"]
[WhiteElo "2615"]
[BlackElo "2663"]
[Annotator "ChessBase"]
[PlyCount "65"]
[EventDate "2021.11.02"]
[EventType "swiss"]
[EventCountry "LAT"]
[SourceTitle "playchess.com"]
[Source "ChessBase"]
[SourceQuality "1"]

1. e4 c5 2. Nf3 Nc6 3. Bb5 e6 4. O-O Nge7 5. Re1 Nd4 6. Nxd4 cxd4 7. c3 a6 8.
Bf1 Nc6 9. b4 Bd6 10. Bb2 Be5 11. Na3 b5 12. Nc2 dxc3 13. Bxc3 Bxc3 14. dxc3
Bb7 15. a4 bxa4 16. Rxa4 Qc7 17. Ne3 O-O 18. Nc4 Rfd8 19. Qd6 Rdc8 20. Qxc7
Rxc7 21. Nd6 a5 22. b5 Nd8 23. c4 Kf8 24. e5 Ke7 25. f4 f6 26. h4 fxe5 27. fxe5
Bc8 28. Bd3 Nb7 29. Be4 Rb8 30. Bxb7 Bxb7 31. Rf1 Rf8 32. Rxf8 Kxf8 33. Rxa5
1-0

[Event "Lindores Abbey Tal Blitz 2021"]
[Site "Riga"]
[Date "2021.11.08"]
[Round "7.27"]
[White "Ponkratov, Pavel"]
[Black "Yilmaz, Mustafa"]
[Result "0-1"]
[WhiteElo "2662"]
[BlackElo "2626"]
[Annotator "ChessBase"]
[PlyCount "66"]
[EventDate "2021.11.02"]
[EventType "swiss"]
[EventCountry "LAT"]
[SourceTitle "playchess.com"]
[Source "ChessBase"]
[SourceQuality "1"]

1. g3 e5 2. c4 c6 3. d4 e4 4. d5 Bb4+ 5. Bd2 Qe7 6. Nc3 Nf6 7. a3 Bc5 8. e3
cxd5 9. b4 Bb6 10. c5 Bc7 11. Nb5 Be5 12. Rc1 Nc6 13. f4 exf3 14. Nxf3 Bb8 15.
Bg2 O-O 16. O-O Ne4 17. Bc3 a6 18. Nbd4 d6 19. cxd6 Bxd6 20. Ba1 Bd7 21. Nh4
Be5 22. Ndf5 Bxf5 23. Nxf5 Qe6 24. Bxe5 Qxe5 25. Qg4 g6 26. Nh6+ Kg7 27. Nxf7
Rxf7 28. Rxf7+ Kxf7 29. Qd7+ Ne7 30. Qxb7 Rd8 31. Qxa6 Nxg3 32. Qb6 Ne2+ 33.
Kf2 Rd6 0-1

[Event "Lindores Abbey Tal Blitz 2021"]
[Site "Riga"]
[Date "2021.11.08"]
[Round "7.28"]
[White "Movsesian, Sergei"]
[Black "Meshkovs, Nikita"]
[Result "1/2-1/2"]
[WhiteElo "2618"]
[BlackElo "2557"]
[Annotator "ChessBase"]
[PlyCount "112"]
[EventDate "2021.11.02"]
[EventType "swiss"]
[EventCountry "LAT"]
[SourceTitle "playchess.com"]
[Source "ChessBase"]
[SourceQuality "1"]

1. e4 e5 2. Nf3 Nc6 3. Bc4 Bc5 4. d3 Nf6 5. a4 a5 6. Be3 Bxe3 7. fxe3 d5 8.
exd5 Nxd5 9. Qd2 O-O 10. O-O Be6 11. e4 Nf4 12. Na3 f6 13. g3 Bxc4 14. gxf4 Bf7
15. fxe5 Nxe5 16. Nxe5 Qd4+ 17. Qf2 Qxe5 18. b3 Rad8 19. Qg3 Qc3 20. Qe1 Qe5
21. Rf5 Qd4+ 22. Kh1 b6 23. Qg1 Qd6 24. Nb5 Qe7 25. Raf1 Bg6 26. R5f4 c6 27.
Nd4 c5 28. Nc6 Qd7 29. Nxd8 Qxd8 30. Qg3 Re8 31. Re1 Qd4 32. Qe3 Qc3 33. Kg1
Qxc2 34. d4 cxd4 35. Qxd4 Qxb3 36. Re3 Qe6 37. Kf2 Bf7 38. Kg3 Qc6 39. Rc3 Qe6
40. h4 h6 41. Re3 Kh7 42. Rf5 Bg6 43. Rf4 Qa2 44. e5 fxe5 45. Rxe5 Qa3+ 46. Rf3
Qc1 47. Rxe8 Bxe8 48. Qxb6 Qe1+ 49. Qf2 Qxf2+ 50. Kxf2 Bxa4 51. Ra3 Bd7 52.
Rxa5 Kg6 53. Kg3 Kf6 54. Ra6+ Be6 55. Ra5 Bf5 56. Kf4 g5+ 1/2-1/2

[Event "Lindores Abbey Tal Blitz 2021"]
[Site "Riga"]
[Date "2021.11.08"]
[Round "7.29"]
[White "Stefanova, Antoaneta"]
[Black "Adhiban, B.."]
[Result "0-1"]
[WhiteElo "2475"]
[BlackElo "2672"]
[Annotator "ChessBase"]
[PlyCount "78"]
[EventDate "2021.11.02"]
[EventType "swiss"]
[EventCountry "LAT"]
[SourceTitle "playchess.com"]
[Source "ChessBase"]
[SourceQuality "1"]

1. d4 Nf6 2. Nf3 g6 3. g3 Bg7 4. Bg2 O-O 5. O-O d5 6. Be3 a5 7. Qc1 b6 8. Bh6
Ba6 9. Bxg7 Kxg7 10. Re1 c5 11. c3 Nc6 12. Nbd2 cxd4 13. Nxd4 Nxd4 14. cxd4 Rc8
15. Qd1 Qd6 16. Qb3 Qb4 17. Qxb4 axb4 18. a3 Rc2 19. axb4 Bb5 20. Nf3 Bxe2 21.
Ne5 Rxb2 22. Ra7 Re8 23. Nc6 Bb5 24. Nxe7 Rxb4 25. Rd1 Rd8 26. Bf1 Be8 27. Rb7
Kf8 28. Rc7 Rd7 29. Nc6 Rxd4 30. Nxd4 Rxc7 31. Rb1 Rb7 32. Ba6 Rb8 33. Rc1 Ke7
34. Rc7+ Kd6 35. Ra7 b5 36. Nb3 Nd7 37. Kf1 Nc5 38. Nxc5 Kxc5 39. Re7 Kb6 0-1

[Event "Lindores Abbey Tal Blitz 2021"]
[Site "Riga"]
[Date "2021.11.08"]
[Round "7.30"]
[White "Abasov, Nijat"]
[Black "Fedoseev, Vladimir"]
[Result "1-0"]
[WhiteElo "2634"]
[BlackElo "2704"]
[Annotator "TA"]
[PlyCount "69"]
[EventDate "2021.11.02"]
[EventType "swiss"]
[EventCountry "LAT"]
[SourceTitle "playchess.com"]
[Source "ChessBase"]
[SourceQuality "1"]

1. d4 Nf6 2. Nf3 g6 3. g3 Bg7 4. Bg2 O-O 5. O-O b5 6. a4 b4 7. c4 Bb7 8. a5 c5
9. b3 cxd4 10. Bb2 Na6 11. Bxd4 d6 12. Nbd2 e5 13. Bb2 Nc5 14. Qc2 e4 15. Nd4
a6 16. Rfd1 Qe7 17. Nf1 Ng4 18. h3 Ne5 19. Ne3 f5 20. Nd5 Bxd5 21. cxd5 f4 22.
Ne6 Nxe6 23. dxe6 f3 24. exf3 exf3 25. Bf1 Rac8 26. Qe4 Qxe6 27. Qxb4 Nc6 28.
Qd2 Bxb2 29. Bc4 Qxc4 30. bxc4 Bxa1 31. Rxa1 Rf6 32. Qd5+ Kg7 33. Re1 Nd8 34.
Re7+ Kh8 35. Qd4 1-0

[Event "Lindores Abbey Tal Blitz 2021"]
[Site "Riga"]
[Date "2021.11.08"]
[Round "7.31"]
[White "Hovhannisyan, Robert"]
[Black "Durarbayli, Vasif"]
[Result "0-1"]
[WhiteElo "2622"]
[BlackElo "2629"]
[Annotator "ChessBase"]
[PlyCount "150"]
[EventDate "2021.11.02"]
[EventType "swiss"]
[EventCountry "LAT"]
[SourceTitle "playchess.com"]
[Source "ChessBase"]
[SourceQuality "1"]

1. e4 c5 2. Nf3 d6 3. Nc3 Nc6 4. d4 cxd4 5. Nxd4 Nf6 6. Bg5 Qb6 7. Nb3 e6 8.
Bf4 Qd8 9. Qd2 h6 10. O-O-O e5 11. Be3 Be7 12. f3 Be6 13. Nd5 Bxd5 14. exd5 Nb8
15. Kb1 Nbd7 16. h4 Qc7 17. g4 Nb6 18. g5 hxg5 19. hxg5 Rxh1 20. Bb5+ Nfd7 21.
Rxh1 O-O-O 22. Rh7 Rg8 23. a3 Kb8 24. c3 Nc4 25. Bxc4 Qxc4 26. Qd1 Bd8 27. Bc1
Nb6 28. Nd2 Qxd5 29. Qc2 Qe6 30. Ne4 Be7 31. Qh2 d5 32. Ng3 Qg6+ 33. Qc2 Qxc2+
34. Kxc2 Kc7 35. Nf5 Bf8 36. Be3 Kd7 37. f4 Ke6 38. Ng3 exf4 39. Bxf4 Nc4 40.
Ne2 Bc5 41. a4 Kf5 42. Bc1 Re8 43. Kd3 Ne5+ 44. Kc2 Ng4 45. Ng3+ Kg6 46. Rh4
Ne3+ 47. Kd3 Nc4 48. Ne2 Ne5+ 49. Kc2 Kf5 50. Nf4 Ng6 51. Nxg6 Kxg6 52. b4 Be3
53. Bxe3 Rxe3 54. Rd4 Re5 55. c4 dxc4 56. Rd7 b5 57. axb5 Rxb5 58. Kc3 a5 59.
bxa5 Rxa5 60. Kxc4 Rxg5 61. Kd4 f6 62. Ke4 Ra5 63. Kf4 Ra4+ 64. Kf3 Kh6 65. Rd6
Kg5 66. Rd7 g6 67. Rd3 f5 68. Kg3 Re4 69. Kh3 Kh5 70. Rf3 Re5 71. Rb3 g5 72.
Ra3 f4 73. Ra8 Re3+ 74. Kg2 Kg4 75. Kf2 Rb3 0-1

[Event "Lindores Abbey Tal Blitz 2021"]
[Site "Riga"]
[Date "2021.11.08"]
[Round "7.32"]
[White "Morovic Fernandez, Ivan"]
[Black "Cheparinov, Ivan"]
[Result "1/2-1/2"]
[WhiteElo "2510"]
[BlackElo "2677"]
[Annotator "ChessBase"]
[PlyCount "87"]
[EventDate "2021.11.02"]
[EventType "swiss"]
[EventCountry "LAT"]
[SourceTitle "playchess.com"]
[Source "ChessBase"]
[SourceQuality "1"]

1. e4 e5 2. Nf3 Nc6 3. Bb5 a6 4. Ba4 Nf6 5. O-O Be7 6. Re1 b5 7. Bb3 O-O 8. c3
d5 9. exd5 Nxd5 10. Nxe5 Nxe5 11. Rxe5 Bb7 12. d4 Bf6 13. Re1 Re8 14. Rxe8+
Qxe8 15. Bxd5 Bxd5 16. Nd2 Qc6 17. Nf3 Re8 18. Be3 h5 19. h3 Re6 20. Ne1 h4 21.
Nd3 Bxg2 22. d5 Qxd5 23. Nf4 Qxd1+ 24. Rxd1 Bf3 25. Nxe6 Bxd1 26. Nxc7 b4 27.
cxb4 Be2 28. b3 Be5 29. Nd5 Bf3 30. Ne7+ Kh7 31. Nf5 Bf6 32. Bd4 Bg5 33. Nxg7
Be4 34. Ne8 Kg6 35. Nd6 Bb1 36. a4 Be7 37. Bc5 Bc2 38. b5 axb5 39. axb5 Bxb3
40. b6 Bd5 41. Ne4 Bd8 42. Nd6 Be7 43. Ne4 Bd8 44. Nd6 1/2-1/2

[Event "Lindores Abbey Tal Blitz 2021"]
[Site "Riga"]
[Date "2021.11.08"]
[Round "7.33"]
[White "Moussard, Jules"]
[Black "Zhou, Jianchao"]
[Result "1-0"]
[WhiteElo "2632"]
[BlackElo "2616"]
[Annotator "ChessBase"]
[PlyCount "92"]
[EventDate "2021.11.02"]
[EventType "swiss"]
[EventCountry "LAT"]
[SourceTitle "playchess.com"]
[Source "ChessBase"]
[SourceQuality "1"]

1. e4 c5 2. Nf3 d6 3. d4 cxd4 4. Nxd4 Nf6 5. Nc3 a6 6. Nb3 Nc6 7. Be3 g6 8. Nd5
Nd7 9. Qd2 e6 10. Nc3 b5 11. h4 h5 12. O-O-O Bb7 13. Kb1 Rc8 14. f3 Nce5 15. a3
Be7 16. Be2 Nc4 17. Bxc4 bxc4 18. Nd4 Qc7 19. Bg5 Nf6 20. Qe3 Ba8 21. Rhe1 Rb8
22. e5 dxe5 23. Qxe5 Qxe5 24. Rxe5 Nd7 25. Ra5 Rb6 26. Be3 Rd6 27. Ncb5 axb5
28. Rxa8+ Bd8 29. Kc1 O-O 30. Nxb5 Rxd1+ 31. Kxd1 Bxh4 32. Rxf8+ Kxf8 33. Nd6
c3 34. b4 f5 35. Bd4 Ke7 36. Nb5 e5 37. Bxc3 g5 38. Be1 Bxe1 39. Kxe1 g4 40. a4
Kd8 41. Nd6 f4 42. c4 Kc7 43. c5 Kc6 44. Ne4 Kd5 45. a5 Kc6 46. a6 Kd5 1-0

[Event "Lindores Abbey Tal Blitz 2021"]
[Site "Riga"]
[Date "2021.11.08"]
[Round "7.34"]
[White "Indjic, Aleksandar"]
[Black "Sethuraman, S.P.."]
[Result "1-0"]
[WhiteElo "2612"]
[BlackElo "2620"]
[Annotator "ChessBase"]
[PlyCount "75"]
[EventDate "2021.11.02"]
[EventType "swiss"]
[EventCountry "LAT"]
[SourceTitle "playchess.com"]
[Source "ChessBase"]
[SourceQuality "1"]

1. Nc3 c5 2. e4 d6 3. g3 g6 4. Bg2 Bg7 5. f4 Nc6 6. Nh3 h5 7. d3 Nd4 8. Nf2 Nf6
9. h3 Bd7 10. Ne2 e5 11. c3 Nc6 12. O-O Be6 13. a4 Qd7 14. Be3 O-O-O 15. b4
cxb4 16. cxb4 Kb8 17. Qd2 d5 18. b5 d4 19. bxc6 Qxc6 20. fxe5 dxe3 21. Qxe3 Nd7
22. d4 Bc4 23. Rfc1 Qa6 24. Nf4 h4 25. gxh4 Bh6 26. Qg3 Ka8 27. Rc3 Nf8 28. Nd5
Ne6 29. Ng4 Bxd5 30. exd5 Nxd4 31. Kh1 Ne2 32. Qf3 Nxc3 33. Qxc3 Bf4 34. Qb4 g5
35. hxg5 Bxg5 36. d6 f6 37. Rb1 Rh7 38. Qe4 1-0

[Event "Lindores Abbey Tal Blitz 2021"]
[Site "Riga"]
[Date "2021.11.08"]
[Round "7.35"]
[White "Esipenko, Andrey"]
[Black "Muzychuk, Mariya"]
[Result "1/2-1/2"]
[WhiteElo "2713"]
[BlackElo "2536"]
[Annotator "TA"]
[PlyCount "104"]
[EventDate "2021.11.02"]
[EventType "swiss"]
[EventCountry "LAT"]
[SourceTitle "playchess.com"]
[Source "ChessBase"]
[SourceQuality "1"]

1. e4 c5 2. Nf3 Nc6 3. d4 cxd4 4. Nxd4 Nf6 5. Nc3 e5 6. Ndb5 d6 7. Nd5 Nxd5 8.
exd5 Nb8 9. a4 Be7 10. Be2 O-O 11. O-O f5 12. f4 Nd7 13. a5 a6 14. Na3 b5 15.
axb6 Qxb6+ 16. Kh1 Bb7 17. Nc4 Qc7 18. Na5 Nc5 19. c4 Bf6 20. b4 Ne4 21. Ra3
Rae8 22. Bf3 exf4 23. Bxf4 Qb6 24. Bxe4 Rxe4 25. Nxb7 Qxb7 26. Bxd6 Rd8 27. c5
Qxb4 28. Rxa6 Rde8 29. Bg3 Qxc5 30. d6 Rd4 31. Qb1 Qd5 32. Ra2 h6 33. Raf2 g6
34. Qc1 Kg7 35. Qc7+ Qf7 36. Qc6 Qd5 37. Qc1 Rc4 38. Qb1 Be5 39. Rd1 Rd4 40.
Rxd4 Qxd4 41. Rf1 Bxg3 42. Qb7+ Kg8 43. Qd7 Rf8 44. hxg3 Qd5 45. Re1 Rf7 46.
Re8+ Kg7 47. Re7 Qd1+ 48. Kh2 Qh5+ 49. Kg1 Qd1+ 50. Kf2 Qd2+ 51. Kg1 Qd1+ 52.
Kh2 Qh5+ 1/2-1/2

[Event "Lindores Abbey Tal Blitz 2021"]
[Site "Riga"]
[Date "2021.11.08"]
[Round "7.36"]
[White "Kuzubov, Yuriy"]
[Black "Javakhishvili, Lela"]
[Result "1/2-1/2"]
[WhiteElo "2637"]
[BlackElo "2446"]
[Annotator "ChessBase"]
[PlyCount "120"]
[EventDate "2021.11.02"]
[EventType "swiss"]
[EventCountry "LAT"]
[SourceTitle "playchess.com"]
[Source "ChessBase"]
[SourceQuality "1"]

1. d4 Nf6 2. Nf3 d5 3. c4 e6 4. Nc3 Nbd7 5. Qc2 dxc4 6. e4 c5 7. Bxc4 cxd4 8.
Nxd4 Nb6 9. Bb5+ Bd7 10. Bd3 Rc8 11. O-O Bd6 12. Qe2 e5 13. Nf5 Bxf5 14. exf5
O-O 15. Bg5 Be7 16. Rad1 Qc7 17. Rfe1 Rfe8 18. Nb5 Qc5 19. Be3 Qb4 20. a3 Qa4
21. Nc3 Qa5 22. Bb5 Red8 23. Ra1 Nbd5 24. Bd2 Qb6 25. Qxe5 Ng4 26. Qg3 Nxf2 27.
f6 Bxf6 28. Nxd5 Rxd5 29. Be3 Bd4 30. Qxf2 Bxe3 31. Qxe3 Qxe3+ 32. Rxe3 Rxb5
33. b4 g6 34. Rae1 a5 35. bxa5 Rxa5 36. Re8+ Rxe8 37. Rxe8+ Kg7 38. Rb8 Rxa3
39. Rxb7 h5 40. g3 g5 41. Kg2 Kg6 42. Rb5 f6 43. Rc5 g4 44. Rb5 Ra2+ 45. Kg1 f5
46. Rb4 Kg5 47. Rc4 h4 48. Rb4 h3 49. Rb1 Ra5 50. Kh1 f4 51. gxf4+ Kxf4 52. Kg1
Ra3 53. Rf1+ Rf3 54. Rxf3+ gxf3 55. Kf2 Kg4 56. Kf1 Kf4 57. Kf2 Ke4 58. Kf1 Ke3
59. Ke1 f2+ 60. Kf1 Kf3 1/2-1/2